000 00521nam a2200193Ia 4500
005 20250326141512.0
008 250326s9999 xx 000 0 und d
037 _aTextbook
040 _aFMSL
_beng
_cFMSL
041 _aeng
_2eng
084 _qFMSL
100 _aVonderembse MA
_9744591
245 0 _aOperations management concepts methods and strategies
_cVonderembse Ma; White G P
250 _a2
260 _aNew York
_bNew York, West
_c1991
300 _a883p
942 _cTB
999 _c1290602
_d1290602